[Event "KB Czech Open"]
[Site "Pardubice CZE"]
[Date "2002.07.25"]
[Round "7"]
[White "Kim,A"]
[Black "Belov,Vl"]
[Result "1/2-1/2"]
[WhiteElo "2407"]
[BlackElo "2510"]

1.e4 c5 2.Nf3 d6 3.d4 cxd4 4.Nxd4 Nf6 5.Nc3 a6 6.Be3 e6 7.f3 b5 8.g4 h6 9.Qd2 Nbd7
10.O-O-O Bb7 11.h4 b4 12.Na4 Qa5 13.b3 Rc8 14.Kb1 Nc5 15.Nxc5 dxc5 16.Ne2 Rd8
17.Qxd8+ Qxd8 18.Rxd8+ Kxd8 19.Nf4 Nd7 20.Be2 Bd6 21.Nd3 Kc7 22.c3 bxc3 23.Rc1 Rc8
24.Rxc3 Kd8 25.Rc1 Ke8 26.g5 h5 27.g6 fxg6 28.Nf4 Nf8 29.Rg1 Kf7 30.Nh3 Be5
31.Ng5+ Ke7 32.f4 Bd4 33.Bxd4 cxd4 34.Bc4 Nd7 35.Rd1 e5 36.fxe5 Nxe5 37.Rxd4 Rf8
38.Bd5 Bc8 39.Rd2 Rf4 40.Rh2 Bd7 41.Kb2 Ng4 42.Rh1 Nf2 43.Rh2 Nh3 44.Nxh3 Rxh4
45.Rg2 Bxh3 46.Rxg6 Rg4 47.Re6+ Kf8 48.Rxa6 Bg2 49.Ra8+ Ke7 50.a4 Bxe4 51.Bxe4 Rxe4
52.a5 Kd6 53.Rh8 Kc5 54.Ka3 h4 55.Rh5+ Kc6 56.b4 Rg4 57.Ka4 Rc4 58.Rh8 Kb7
59.Rh7 Rg4 60.Rh8 Rc4  1/2-1/2

[Event "KB Czech Open"]
[Site "Pardubice CZE"]
[Date "2002.07.25"]
[Round "7"]
[White "Acs,P"]
[Black "Womacka,M"]
[Result "1-0"]
[WhiteElo "2560"]
[BlackElo "2493"]

1.e4 c5 2.Nf3 d6 3.d4 cxd4 4.Nxd4 Nf6 5.Nc3 a6 6.Be3 e5 7.Nb3 Be6 8.Qd2 Nbd7
9.f3 Be7 10.O-O-O O-O 11.g4 Qc7 12.Kb1 b5 13.g5 Nh5 14.Nd5 Bxd5 15.exd5 Nb6
16.Rg1 Rab8 17.Na5 Nxd5 18.Qxd5 Qxa5 19.Bh3 Qb4 20.c3 Qh4 21.Bd7 Rbd8 22.Qb7 Nf4
23.Bxb5 axb5 24.Qxe7 Ng6 25.Qb7 Qxh2 26.Qe4 Qh3 27.Rd5 Qe6 28.Rgd1 Ra8 29.a3 Ra4
30.Qc2 Qh3 31.Rxb5 Rh4 32.Rb4 Rxb4 33.axb4 Qxf3 34.Qb3 d5 35.Qa2 Nf4  1-0

[Event "6th Open"]
[Site "Korinthos GRE"]
[Date "2002.07.26"]
[Round "4"]
[White "Pavlovic,SD"]
[Black "Katsaros,S"]
[Result "1-0"]
[WhiteElo "2354"]
[BlackElo "2043"]

1.e4 c5 2.Nf3 d6 3.d4 cxd4 4.Nxd4 Nf6 5.Nc3 a6 6.Be3 e5 7.Nb3 Be7 8.f3 O-O
9.Qd2 b5 10.O-O-O Bb7 11.g4 b4 12.Na4 Nbd7 13.Qxb4 Bc6 14.Na5 Rb8 15.Nxc6 Rxb4
16.Nxd8 Rxd8 17.b3 Nxe4 18.fxe4 Rxe4 19.Bd2 Rxg4 20.Ba5 Rb8 21.Bh3 Rxa4 22.bxa4 Nc5
23.Rhg1 Ne4 24.Bf5 Bg5+ 25.Rxg5 Nxg5 26.Rxd6 g6 27.Bc7 Rb7 28.Bd8 Nf3 29.Be4  1-0

[Event "2nd Summer Open"]
[Site "Savaria HUN"]
[Date "2002.07.26"]
[Round "1"]
[White "Bolvary,T"]
[Black "Butunoi,A"]
[Result "0-1"]
[WhiteElo "2015"]
[BlackElo "2355"]

1.e4 c5 2.Nf3 d6 3.d4 cxd4 4.Nxd4 Nf6 5.Nc3 a6 6.Be3 e5 7.Nb3 Be6 8.f3 Nbd7
9.Qd2 Rc8 10.g4 b5 11.g5 Nh5 12.Nd5 Bxd5 13.exd5 Nb6 14.Na5 Nf4 15.Nc6 Qc7
16.Bxf4 exf4 17.Bh3 Nxd5 18.Bxc8 Qxc6 19.Bf5 Ne3 20.Be4 d5 21.Bd3 Bc5 22.Qc3 d4
23.Be4 dxc3 24.Bxc6+ Ke7 25.Ke2 cxb2 26.Rab1 Bd4 27.Kd3 Be5 28.a4 Rd8+ 29.Ke2 Bc3
30.axb5 Rd2+ 31.Ke1 Rxc2+  0-1

[Event "ch-TUR"]
[Site "Ankara TUR"]
[Date "2002.07.27"]
[Round "7"]
[White "Erdogdu,M"]
[Black "Reyhan,D"]
[Result "1-0"]
[WhiteElo "2321"]
[BlackElo "2082"]

1.e4 c5 2.Nf3 d6 3.d4 cxd4 4.Nxd4 Nf6 5.Nc3 a6 6.Be3 Ng4 7.Bc1 Nf6 8.Bg5 e6
9.f4 h6 10.Bh4 Qb6 11.a3 Nc6 12.Bf2 Qc7 13.Qd2 Bd7 14.O-O-O Rb8 15.e5 dxe5
16.fxe5 Ng4 17.Nxc6 Bxc6 18.Bg3 Bc5 19.Qe2 Ne3 20.Rd3 Nf5 21.Bf4 Rd8 22.Ne4 Nd4
23.Qe1 Bxe4 24.Qxe4 Nc6 25.Rxd8+ Kxd8 26.Be2 Kc8 27.Rd1 Qb6 28.c3 Qa5 29.Kc2 Be7
30.Bg3 Rd8 31.Rxd8+ Nxd8 32.Bf3 g6 33.Qc4+ Qc5 34.Qxc5+ Bxc5 35.b4 Be3 36.Kd3 Bc1
37.a4 Nc6 38.b5 axb5 39.axb5 Ne7 40.Ke4 Kc7 41.c4 b6 42.Bf2 Ba3 43.g4 Bc5
44.Be1 Bg1 45.h4 Bc5 46.Bd2 Ng8 47.Be1 Kd7 48.Kd3 Ne7 49.Bd2 Ng8 50.Bc6+ Kd8
51.Ke4 Bf2 52.Kf3 Bc5 53.Be4 Kd7 54.h5 g5 55.Bh7 Ne7 56.Ke4 Ke8 57.Kd3 Kd7
58.Be4 Ba3 59.Be3 Kc7 60.Kc3 Nc8 61.Bc6 Kd8 62.c5 bxc5 63.Bxg5+ hxg5 64.h6 Bb4+
65.Kb3 Ne7 66.Be4 f5 67.exf6  1-0

[Event "It"]
[Site "Las Tunas CUB"]
[Date "2002.07.27"]
[Round "1"]
[White "Illas,L"]
[Black "Gongora,M"]
[Result "0-1"]
[WhiteElo "2243"]
[BlackElo "2406"]

1.e4 c5 2.Nf3 d6 3.Nc3 Nf6 4.d4 cxd4 5.Nxd4 a6 6.Be3 e5 7.Nb3 Be6 8.Qd2 Nbd7
9.f3 Be7 10.O-O-O O-O 11.Nd5 Bxd5 12.exd5 Qc7 13.Kb1 Nb6 14.Bxb6 Qxb6 15.Qa5 Bd8
16.Qa4 Qa7 17.c4 Bb6 18.Bd3 Rac8 19.g4 Rc7 20.h4 Be3 21.Rh2 g6 22.Qb4 Qb6
23.Qxb6 Bxb6 24.Nd2 Be3 25.Ne4 Nxe4 26.fxe4 Kg7 27.Rh3 Bf4 28.a3 Kf6 29.b3 a5
30.Kb2 b6 31.Rf1 Rg8 32.Rg1 h6 33.Rg2 Rcc8 34.Rg1 h5 35.g5+ Ke7 36.Be2 Ra8
37.Kc3 f6 38.gxf6+ Kxf6 39.Rg2 Rg7 40.Rh1 Rh8 41.b4 axb4+ 42.axb4 Ra8 43.c5 bxc5
44.bxc5 dxc5 45.Rb1 Ra3+ 46.Kc4 Ra6 47.Rb8 Rga7 48.d6 Rxd6 49.Kxc5 Rad7 50.Bc4 Be3+
51.Kb4 Rd8 52.Rb7 Rb6+ 53.Rxb6+ Bxb6 54.Bd5 Rb8 55.Kc4 Kg7 56.Bc6 Rd8 57.Rb2 Rd4+
58.Kb5 Bd8 59.Rh2 Rd1 60.Bd5 Rg1 61.Be6 Re1 62.Rg2 Bxh4 63.Bf5 g5 64.Kc5 Kf6
65.Ra2 g4 66.Ra6+ Kg5 67.Rg6+ Kf4 68.Rh6 Bf2+ 69.Kd5 Rh1 70.Rf6 Bd4 71.Bg6+ Kg5
72.Ke6 Ra1  0-1

[Event "ch-IRI"]
[Site "Tehran IRI"]
[Date "2002.07.29"]
[Round "2"]
[White "Faryad,H"]
[Black "Ardeshi,M"]
[Result "0-1"]
[WhiteElo "2224"]
[BlackElo "2290"]

1.e4 c5 2.Nf3 d6 3.d4 cxd4 4.Nxd4 Nf6 5.Nc3 a6 6.Be3 e5 7.Nb3 Be6 8.f3 Nbd7
9.Qd2 Rc8 10.g4 Qc7 11.O-O-O b5 12.g5 Nh5 13.Nd5 Bxd5 14.exd5 Be7 15.Bh3 O-O
16.Bg4 g6 17.Na5 Rce8 18.Nc6 Nb8 19.Nxe5 dxe5 20.d6 Qc4 21.b3 Qc6 22.dxe7 Rxe7
23.Qd5 Qc3 24.Bc5 Rc7 25.b4 Nf4 26.Qd6 Rxc5 27.bxc5 Ne2+ 28.Kb1 Qb4+ 29.Ka1 Qc3+
30.Kb1 Qa3 31.Rd3 Nc3+ 32.Rxc3 Qxc3 33.Qd5 a5 34.Rd1 Na6 35.Rd3 Qe1+ 36.Rd1 Qb4+
37.Qb3 Qxc5 38.Rd5 Qg1+ 39.Kb2 a4 40.Qc3 b4 41.Qc4 a3+ 42.Kb3 Ra8 43.Ra5 Qe3+
44.Ka4 Qb6 45.Qb5 Qd6 46.Kb3 h5 47.gxh6 f5 48.Qb7 Qe6+ 49.c4 bxc3 50.Kxa3 Qd6+
51.Ka4 Nc5+  0-1

[Event "2nd Summer Open"]
[Site "Savaria HUN"]
[Date "2002.07.30"]
[Round "6"]
[White "Gruskovnjak,T"]
[Black "Rendi,E"]
[Result "1-0"]
[WhiteElo "2282"]
[BlackElo "2066"]

1.e4 c5 2.Nf3 d6 3.d4 cxd4 4.Nxd4 Nf6 5.Nc3 a6 6.Be3 e5 7.Nb3 Be6 8.Be2 Be7
9.O-O Nbd7 10.f4 Rc8 11.f5 Bc4 12.Bxc4 Rxc4 13.Qd3 Rc8 14.Rad1 Ng4 15.Nd5 Nxe3
16.Nxe3 Qc7 17.c3 Nf6 18.Nd5 Nxd5 19.Qxd5 Qc6 20.Qd3 O-O 21.Kh1 Rfd8 22.Qf3 Rc7
23.Rd5 Qa4 24.Ra1 Rc4 25.Nd2 Rc5 26.Rd3 Qc2 27.b3 Ra5 28.a4 b5 29.Rd5 Bg5
30.Qd1 Qxc3 31.Rc1 Qb4 32.Rc7 Bxd2 33.Rxd2 bxa4 34.Rxd6 Rf8 35.Rd8 h6 36.Rcc8  1-0

[Event "2nd Summer Open"]
[Site "Savaria HUN"]
[Date "2002.07.30"]
[Round "6"]
[White "Horvath,Im"]
[Black "Pesorda,I"]
[Result "0-1"]
[WhiteElo "2271"]
[BlackElo "2278"]

1.e4 c5 2.Nf3 d6 3.d4 cxd4 4.Nxd4 Nf6 5.Nc3 a6 6.Be3 e6 7.Bd3 b5 8.O-O Bb7
9.f3 Be7 10.Qd2 Qc7 11.Rae1 Nbd7 12.Nb3 O-O 13.Qf2 Rac8 14.f4 b4 15.e5 dxe5
16.fxe5 Ng4 17.Qg3 Nxe3 18.Rxe3 bxc3 19.bxc3 f5 20.Nd4 Qb6 21.Kh1 Rxc3  0-1

[Event "2nd Summer Open"]
[Site "Savaria HUN"]
[Date "2002.07.30"]
[Round "7"]
[White "Butunoi,A"]
[Black "Magony,T"]
[Result "1-0"]
[WhiteElo "2355"]
[BlackElo "2172"]

1.e4 c5 2.Nf3 d6 3.d4 cxd4 4.Nxd4 Nf6 5.Nc3 a6 6.Be3 e5 7.Nb3 Be6 8.Qd2 Nbd7
9.f3 b5 10.O-O-O Qc7 11.g4 Nb6 12.g5 Nfd7 13.Na5 Nc5 14.h4 Nca4 15.Nd5 Nxd5
16.exd5 Bd7 17.Bh3 Bxh3 18.Rxh3 Be7 19.Nc6 Rc8 20.h5 Nb6 21.Bxb6 Qxb6 22.f4 Rxc6
23.dxc6 Qxc6 24.Rc3 Qb7 25.f5 h6 26.f6 gxf6 27.gxf6 Bf8 28.Rc5  1-0

[Event "Valoz Cup"]
[Site "Olomouc CZE"]
[Date "2002.07.31"]
[Round "1"]
[White "Kadziolka,B"]
[Black "Galicek,S"]
[Result "1-0"]
[WhiteElo "2290"]
[BlackElo "2163"]

1.e4 c5 2.Nf3 d6 3.d4 cxd4 4.Nxd4 Nf6 5.Nc3 a6 6.Be3 e6 7.Be2 Be7 8.O-O O-O
9.f4 Qc7 10.Kh1 Nc6 11.Qe1 Nxd4 12.Bxd4 b5 13.a3 Bb7 14.Bd3 Bc6 15.Qg3 Qb7
16.Rae1 b4 17.axb4 Qxb4 18.Bxf6 Bxf6 19.e5 dxe5 20.fxe5 Be7 21.Ne4 Bxe4 22.Bxe4 Rac8
23.Qh3 g6 24.b3 a5 25.Bd3 Qh4 26.Qf3 Qg5 27.Re4 Bb4 28.Bc4 Rc7 29.Qh3 Re8
30.Qf3 Rf8 31.Qh3 Re8 32.Rh4 h5 33.Re4 Bf8 34.Qc3 Ra8 35.Qf3 Re8 36.Rf4 Qe7
37.Qg3 Bg7 38.Rxf7 Qxf7 39.Rxf7 Rxf7 40.Qxg6 Rd8 41.g3 Rd1+ 42.Kg2 Rd2+ 43.Kh3 Re7
44.Bxe6+ Kh8 45.Qxh5+ Bh6 46.Qg6 Bg7 47.Qg5 Rxh2+ 48.Kxh2 Rxe6 49.Qd8+ Kh7
50.Qxa5 Rxe5 51.Qd2 Rh5+ 52.Kg2 Be5 53.b4 Kg6 54.c4 Kf6 55.c5 Ke6 56.b5 Bf6
57.Qd6+  1-0

[Event "2nd Summer Open"]
[Site "Savaria HUN"]
[Date "2002.07.31"]
[Round "8"]
[White "Szilagyi,Z"]
[Black "Rendi,E"]
[Result "0-1"]
[WhiteElo "2263"]
[BlackElo "2066"]

1.e4 c5 2.Nf3 d6 3.d4 cxd4 4.Nxd4 Nf6 5.Nc3 a6 6.Be3 e5 7.Nf3 Be7 8.Be2 b5
9.a4 bxa4 10.Rxa4 Bb7 11.Bd3 Ng4 12.Bd2 Nd7 13.Nd5 Nc5 14.Ba5 Qd7 15.Nc7+ Kf8
16.Ra3 Rc8 17.Qe2 Rxc7 18.Bxc7 Qxc7 19.O-O g6 20.Nd2 h5 21.Bc4 Nf6 22.f4 Kg7
23.fxe5 dxe5 24.Raf3 Qb6 25.Kh1 Ne6 26.Rb3 Qc7 27.Bxe6 fxe6 28.Rc3 Qb8 29.Rg3 h4
30.Rb3 h3 31.g4 Qa8 32.Re1 Rh4 33.g5 Nh5 34.Qc4 Rf4 35.Qxe6 Bxe4+  0-1

[Event "Valoz Cup"]
[Site "Olomouc CZE"]
[Date "2002.08.03"]
[Round "4"]
[White "Laznicka,V"]
[Black "Kadziolka,B"]
[Result "1-0"]
[WhiteElo "2219"]
[BlackElo "2290"]

1.e4 c5 2.Nf3 d6 3.d4 cxd4 4.Nxd4 Nf6 5.Nc3 a6 6.Be3 e5 7.Nb3 Be7 8.Be2 Be6
9.O-O O-O 10.Qd2 b5 11.a4 b4 12.Nd5 Nxe4 13.Nxe7+ Qxe7 14.Qxb4 f5 15.f3 Nf6
16.c4 Nc6 17.Qa3 f4 18.Bf2 Rfd8 19.Rfd1 Rab8 20.a5 Rb4 21.Bb6 Rb8 22.Nc5 d5
23.Nxa6 R8xb6 24.axb6 Rxb6 25.cxd5 Nxd5 26.Qxe7 Ncxe7 27.Rd2 Ne3 28.Nc5 Nc4
29.Bxc4 Bxc4 30.Ra7 Rc6 31.Ra5 Ng6 32.Rd8+ Kf7 33.Rd7+ Kf8 34.Rd8+ Ke7 35.Rb8 Rd6
36.Rc8 Be6 37.Rc7+ Bd7  1-0

[Event "ch-SLO"]
[Site "Dobrna SLO"]
[Date "2002.08.04"]
[Round "2"]
[White "Sakelsek,T"]
[Black "Ciglic,B"]
[Result "1-0"]
[WhiteElo "2245"]
[BlackElo "2164"]

1.e4 c5 2.Nf3 d6 3.d4 cxd4 4.Nxd4 Nf6 5.Nc3 a6 6.Be3 e6 7.f3 b5 8.Qd2 Be7
9.g4 Nfd7 10.O-O-O Bb7 11.h4 Nc5 12.g5 Nbd7 13.Kb1 Nb6 14.Bd3 Rc8 15.h5 b4
16.Nce2 d5 17.Nb3 Nxb3 18.cxb3 dxe4 19.fxe4 O-O 20.g6 Bf6 21.Qxb4  1-0

[Event "Juventus"]
[Site "Bucharest ROM"]
[Date "2002.08.08"]
[Round "4"]
[White "Burnoiu,N1"]
[Black "Grigore,N"]
[Result "0-1"]
[WhiteElo "2426"]
[BlackElo "2380"]

1.e4 c5 2.Nf3 d6 3.d4 cxd4 4.Nxd4 Nf6 5.Nc3 a6 6.Be3 e5 7.Nb3 Be6 8.f3 Nbd7
9.a4 Rc8 10.Be2 Nb6 11.a5 Nc4 12.Bxc4 Bxc4 13.Nd2 Be6 14.Bb6 Qd7 15.Nf1 d5
16.exd5 Bxd5 17.Qe2 Qe6 18.Nxd5 Nxd5 19.Be3 Bb4+ 20.Kf2 O-O 21.c3 Be7 22.g3 Qh3
23.Ba7 Ra8 24.Qxe5 Rxa7 25.Qxd5 Rd8 26.Qe5 Bf6 27.Rd1 Raa8 28.Rxd8+ Rxd8
29.Qe2 h5 30.Rg1 Qf5 31.Nd2 Qxa5 32.Kg2 Qb5 33.Nc4 Rc8 34.b3 Qxb3 35.Nd6 Rd8
36.Rd1 Be5 37.Qxe5 Qxd1 38.Nxf7 Qd2+ 39.Kg1 Kxf7 40.Qf5+ Kg8  0-1

[Event "II UPI"]
[Site "Mancha Real ESP"]
[Date "2002.08.08"]
[Round "7"]
[White "Castillo Gallego,S"]
[Black "Herrera,I"]
[Result "1/2-1/2"]
[WhiteElo "2191"]
[BlackElo "2478"]

1.e4 c5 2.Nf3 d6 3.d4 cxd4 4.Nxd4 Nf6 5.Nc3 a6 6.Be3 Ng4 7.Bc1 Nf6 8.Be3 e6
9.g4 h6 10.f4 Nc6 11.h3 Qc7 12.Qd2 b5 13.Nxc6 Qxc6 14.Bg2 Bb7 15.a3 Nd7 16.Qf2 Rc8
17.O-O Be7 18.Rad1 a5 19.Rd2 b4 20.axb4 axb4 21.Ne2 Nc5 22.f5 Nxe4 23.fxe6 Nxf2
24.Bxc6+ Bxc6 25.exf7+ Kxf7 26.Nd4 Bd7 27.Rfxf2+ Kg6 28.Nf5 Bxf5 29.Rxf5 Rc4
30.Rf4 Rhc8 31.Rxc4 Rxc4 32.Kf2 Bf6 33.Kf3 d5 34.b3 Rc3 35.Rxd5 Rxc2 36.Ke4 Rc3
37.Rd3 Rc2 38.Bd4 Bxd4 39.Rxd4 Rh2 40.Rxb4 Rxh3 41.Kf4 Rc3 42.Rb6+ Kh7 43.Rb7 Rc6
44.b4 Kg6 45.b5 Rc4+ 46.Kf3 Kf6 47.b6 Rb4 48.Kg3 g6 49.Rb8 Kg5 50.Rc8 Rb3+
51.Kg2 Rxb6 52.Rc4 Rb3 53.Rc6 Rb4 54.Kh3 Rd4 55.Ra6 Rd3+ 56.Kg2 Rd4 57.Kh3 Re4
58.Rb6 Re1 59.Kg2 Re4 60.Kh3 Ra4 61.Rc6 Ra3+ 62.Kg2 h5 63.gxh5 Kxh5 64.Rc1 g5
65.Kg1 Kg4 66.Rb1 Ra2 67.Rc1 Kh3 68.Rb1 g4 69.Rc1 Rg2+ 70.Kh1 Ra2 71.Kg1 g3
72.Rb1 Rc2 73.Ra1  1/2-1/2

[Event "6th HZ Open"]
[Site "Vlissingen NED"]
[Date "2002.08.09"]
[Round "7"]
[White "Van den Doel,E"]
[Black "Vanderstricht,G"]
[Result "1-0"]
[WhiteElo "2602"]
[BlackElo "2404"]

1.e4 c5 2.Nf3 d6 3.d4 cxd4 4.Nxd4 Nf6 5.Nc3 a6 6.Be3 Ng4 7.Bg5 h6 8.Bh4 g5
9.Bg3 Bg7 10.h3 Nf6 11.Qf3 Qb6 12.O-O-O Nc6 13.Nxc6 Qxc6 14.Be2 Nd7 15.Nd5 Ne5
16.Qe3 Be6 17.h4 Rc8 18.c3 Qc5 19.Qxc5 Rxc5 20.f3 Bxd5 21.exd5 Ng6 22.hxg5 hxg5
23.Rxh8+ Bxh8 24.Bf2 Rc8 25.Kc2 Nf4 26.Bf1 Be5 27.g3 Nh5 28.Bh3 Rb8 29.Rg1 Kf8
30.a4 Nf6 31.c4 b5 32.cxb5 axb5 33.a5 Nxd5 34.Kb3 e6 35.a6 Ke7 36.a7 Rh8
37.Rc1 g4 38.fxg4 Nf6 39.Rc7+ Nd7 40.Bf1 d5 41.Bc5+ Bd6 42.Bxb5 Bxc5 43.Rxd7+ Kf6
44.Bc6 Bxa7 45.Rxa7 Rh3 46.Be8 Rxg3+ 47.Ka4 Rxg4+ 48.b4 d4 49.Rxf7+ Ke5 50.Rd7 Ke4
51.b5 d3 52.b6 Ke3+ 53.Ka5 Rg1 54.Rxd3+ Kxd3 55.b7  1-0

[Event "6th HZ Open"]
[Site "Vlissingen NED"]
[Date "2002.08.09"]
[Round "7"]
[White "Iordachescu,V"]
[Black "Kohlweyer,B"]
[Result "1-0"]
[WhiteElo "2555"]
[BlackElo "2452"]

1.e4 c5 2.Nf3 d6 3.d4 cxd4 4.Nxd4 Nf6 5.Nc3 a6 6.Be3 e6 7.g4 h6 8.f4 Nc6
9.h3 Qc7 10.Bg2 Be7 11.Qe2 Nxd4 12.Bxd4 e5 13.Be3 Be6 14.O-O-O exf4 15.Bxf4 Nd7
16.Kb1 Ne5 17.Nd5 Bxd5 18.exd5 O-O 19.Bxe5 dxe5 20.Be4 Rad8 21.h4 Rd6 22.g5 Rb6
23.Rd3 f5 24.gxf6 Rfxf6 25.Rb3 Rf4 26.h5 Rb4 27.Rxb4 Bxb4 28.a3 Bf8 29.Rd1 Qb6
30.Ka2 Bd6 31.Rd2 Qg1 32.Bg6 Qc5 33.c3 a5 34.Be4 b5 35.Qd3 Qc4+ 36.Qxc4 bxc4
37.Re2 Kf7 38.b3 cxb3+ 39.Kxb3 Kf6 40.Ka4 Kg5 41.c4 Kxh5 42.Kb5 Bxa3 43.c5 Rf8
44.Rc2 Rb8+ 45.Kxa5 Kg5 46.d6 Kf6 47.d7 Ke7 48.c6 Bd6 49.c7 Bxc7+ 50.Rxc7 Kd8
51.Ra7 g6 52.Bxg6 Rb2 53.Bf7 Rb1 54.Ba2 Rd1 55.Kb6 Rxd7 56.Ra5 Ke7 57.Rxe5+ Kf6
58.Rc5 Rd2 59.Bg8 Rd8 60.Bc4 Rd4 61.Kb5 Kg6 62.Be2 Rd2 63.Bf3 Kf6 64.Kb4 Rd3
65.Be2 Rd2 66.Bb5 Rf2  1-0

[Event "ch-AUT"]
[Site "Oberpullendorf AUT"]
[Date "2002.08.10"]
[Round "1"]
[White "Testor,S"]
[Black "Karner,C"]
[Result "0-1"]
[WhiteElo "2164"]
[BlackElo "2301"]

1.e4 c5 2.Nf3 d6 3.d4 cxd4 4.Nxd4 Nf6 5.Nc3 a6 6.Be3 e5 7.Nb3 Be7 8.f3 Be6
9.Qd2 O-O 10.O-O-O a5 11.a4 Nc6 12.Nb5 d5 13.Nc5 d4 14.Nxe6 fxe6 15.Bg5 Nd7
16.Bxe7 Qxe7 17.Na3 Nc5 18.Bb5 Rfc8 19.Kb1 Na7 20.Qe2 Qc7 21.Ka2 Nxb5 22.Qxb5 Ra6
23.b3 Rb6 24.Qe2 d3 25.Rxd3 Nxd3 26.Qxd3 Rd6 27.Qe2 Qc3 28.Rd1 Rd4 29.Rd3 Qc5
30.Kb2 Rcd8 31.Rc3 Qe7 32.Nc4 Rd1 33.Rd3 R8xd3 34.cxd3 Rh1 35.h3 Qg5 36.Qd2 Qg3
37.Qxa5 Qxg2+ 38.Nd2 h6 39.Kc2 Qe2 40.Qc3 Qd1+  0-1

[Event "11th Open"]
[Site "Kavala GRE"]
[Date "2002.08.13"]
[Round "5"]
[White "Szabo,Zso2"]
[Black "Janssen,R"]
[Result "0-1"]
[WhiteElo "2447"]
[BlackElo "2468"]

1.e4 c5 2.Nf3 d6 3.d4 cxd4 4.Nxd4 Nf6 5.Nc3 a6 6.Be3 e6 7.Be2 Qc7 8.O-O Be7
9.f4 b5 10.Bf3 Bb7 11.a3 O-O 12.g4 Nc6 13.g5 Nd7 14.Nxc6 Bxc6 15.Bg2 Rfe8
16.Ne2 Qb7 17.Ng3 Nc5 18.Qf3 Rac8 19.Bd4 Bf8 20.Rad1 e5 21.fxe5 dxe5 22.Be3 g6
23.h4 Rcd8 24.Kh2 Ne6 25.Rxd8 Rxd8 26.Bh3 Nc5 27.Bg2 Ne6 28.Bh3 Qe7 29.Rd1 Rxd1
30.Qxd1 Nf4 31.Bg4 h6 32.Bf3 hxg5 33.h5 g4  0-1

[Event "11th Open"]
[Site "Kavala GRE"]
[Date "2002.08.13"]
[Round "5"]
[White "De Vreugt,D"]
[Black "Calotescu,C"]
[Result "1-0"]
[WhiteElo "2477"]
[BlackElo "2306"]

1.e4 c5 2.Nf3 d6 3.d4 Nf6 4.Nc3 cxd4 5.Nxd4 a6 6.Be3 e5 7.Nb3 Be6 8.f3 Nbd7
9.g4 h6 10.Qd2 Be7 11.O-O-O b5 12.Kb1 Nb6 13.Qf2 Nfd7 14.h4 Rc8 15.Nd5 Bxd5
16.exd5 Nc4 17.Bc1 Qb6 18.Qe1 Qc7 19.Bd3 g6 20.f4 Bf6 21.g5 hxg5 22.hxg5 Rxh1
23.Qxh1 Bg7 24.f5 gxf5 25.Bxf5 Rb8 26.Qh7 Bf8 27.g6 fxg6 28.Bg5  1-0

[Event "FSGM August"]
[Site "Budapest HUN"]
[Date "2002.08.15"]
[Round "13"]
[White "Horvath,Cs"]
[Black "Antal,Ge"]
[Result "1/2-1/2"]
[WhiteElo "2517"]
[BlackElo "2492"]

1.e4 c5 2.Nf3 d6 3.d4 cxd4 4.Nxd4 Nf6 5.Nc3 a6 6.Be3 e6 7.f3 b5 8.Qd2 Nbd7
9.g4 h6 10.O-O-O Bb7 11.h4 b4 12.Na4 Qa5 13.b3 Nc5 14.a3 Rc8 15.axb4 Nxb3+
16.Nxb3 Qxa4 17.Kb2 d5 18.c3 dxe4 19.Ra1 Qd7 20.Qxd7+ Kxd7 21.Rd1+ Kc7 22.Bf4+ Kb6
23.Be3+ Kc7  1/2-1/2

[Event "Saraybahce GP"]
[Site "Kocaeli TUR"]
[Date "2002.08.19"]
[Round "3"]
[White "Spasov,V"]
[Black "Soylu,S"]
[Result "1-0"]
[WhiteElo "2581"]
[BlackElo "2384"]

1.e4 c5 2.Nf3 d6 3.d4 cxd4 4.Nxd4 Nf6 5.Nc3 a6 6.Be3 e5 7.Nb3 Be6 8.f3 Be7
9.Qd2 O-O 10.O-O-O Qc7 11.Kb1 Rc8 12.g4 Nbd7 13.h4 Nb6 14.g5 Nh5 15.Qf2 Nc4
16.Bxc4 Qxc4 17.Nd5 Bxd5 18.Rxd5 Rf8 19.Nd2 Qc6 20.c4 f5 21.Rc1 Rf7 22.Qg2 fxe4
23.Nxe4 Nf4 24.Bxf4 Rxf4 25.h5 Raf8 26.h6 g6 27.Rc3 Qc8 28.a3 Qe6 29.a4 Qf5
30.Ka2 Qe6 31.a5 Rc8 32.Qe2 Rc6 33.Rb3 Qc8 34.Rb4 Qc7 35.Qd3 Rf7 36.Qb3 Bd8
37.Rb6 Rxb6 38.axb6 Qxb6 39.Qxb6 Bxb6 40.Rxd6 Bc7 41.Nf6+ Kf8 42.Re6 Re7
43.Rxe7 Kxe7 44.Nxh7 e4 45.Nf6 e3  1-0

[Event "Saraybahce GP"]
[Site "Kocaeli TUR"]
[Date "2002.08.23"]
[Round "7"]
[White "Reyhan,D"]
[Black "Erdogdu,M"]
[Result "0-1"]
[WhiteElo "2082"]
[BlackElo "2321"]

1.e4 c5 2.Nf3 d6 3.d4 cxd4 4.Nxd4 Nf6 5.Nc3 a6 6.Be3 e6 7.f3 b5 8.Qd2 Bb7
9.g4 Nfd7 10.O-O-O Nb6 11.Bg5 Qc8 12.Bd3 N8d7 13.Qf2 b4 14.Nce2 d5 15.exd5 Nxd5
16.Rhe1 Bd6 17.Nf5 exf5 18.Nf4+ Ne5 19.Nxd5 Bxd5 20.Bxf5 Qc4 21.b3 Qc6 22.f4 O-O
23.fxe5 Bc5 24.Be3 Be7 25.g5 a5 26.Qh4 g6 27.Qd4 Rfd8 28.Bg4 Bxb3 29.Qb2 Bd5
30.e6 Bxe6 31.Rxd8+ Rxd8 32.Qe5 Bxg4 33.Qxe7 Rc8  0-1

[Event "Saraybahce GP"]
[Site "Kocaeli TUR"]
[Date "2002.08.23"]
[Round "7"]
[White "Spasov,V"]
[Black "Magalashvili,D"]
[Result "1-0"]
[WhiteElo "2581"]
[BlackElo "2178"]

1.e4 c5 2.Nf3 d6 3.d4 cxd4 4.Nxd4 Nf6 5.Nc3 a6 6.Be3 Ng4 7.Bg5 h6 8.Bh4 g5
9.Bg3 Bg7 10.h3 Ne5 11.Nf5 Bxf5 12.exf5 Nbc6 13.Nd5 e6 14.fxe6 fxe6 15.Ne3 Qc7
16.Be2 O-O-O 17.O-O Kb8 18.c3 Ng6 19.Re1 Nf4 20.Bf1 d5 21.Rc1 Rd7 22.b4 Ne5
23.b5 a5 24.Ng4 Rf8 25.b6 Qd6 26.Nxe5 Bxe5 27.Rxe5 Qxe5 28.Qa4 Rdf7 29.Qxa5 Kc8
30.c4 Kd7 31.cxd5 Ke7 32.Qb4+ Kf6 33.dxe6 Re7 34.Re1 Qd5 35.Bxf4 gxf4 36.Qc3+ Kg6
37.Bd3+  1-0

[Event "Open"]
[Site "Padron ESP"]
[Date "2002.08.23"]
[Round "2"]
[White "Pilgaard,K"]
[Black "Casares Cabanas,C"]
[Result "1-0"]
[WhiteElo "2437"]
[BlackElo "2211"]

1.e4 c5 2.Nf3 d6 3.d4 cxd4 4.Nxd4 Nf6 5.Nc3 a6 6.Be3 e6 7.Be2 Qc7 8.Qd2 b5
9.a3 Bb7 10.f3 Nbd7 11.g4 h6 12.O-O-O Rc8 13.h4 Ne5 14.g5 hxg5 15.hxg5 Rxh1
16.Rxh1 Nfd7 17.Ndxb5 axb5 18.Nxb5 Qc6 19.Rh8 Ng6 20.Rg8 Ke7 21.Na7 Qc7 22.Nb5 Qc6
23.Na7 Qc7 24.Nxc8+ Qxc8 25.Bb5 Ba6 26.Bxa6 Qxa6 27.Qg2 e5 28.Kb1 Qc4 29.b3 Qe6
30.Qh2 Nc5 31.Bxc5 dxc5 32.Qf2 Qd6 33.Qe2 Qd4 34.Qb5 Qd6 35.a4 Qd1+ 36.Kb2 Qd4+
37.Ka2 Qc3 38.Kb1 Nf4 39.Qb7+ Ke6 40.Rxf8  1-0

[Event "GM"]
[Site "Rostock GER"]
[Date "2002.08.27"]
[Round "4"]
[White "Lanka,Z"]
[Black "Szelag,M"]
[Result "1-0"]
[WhiteElo "2504"]
[BlackElo "2369"]

1.e4 c5 2.Nf3 d6 3.d4 cxd4 4.Nxd4 Nf6 5.Nc3 a6 6.Be3 e5 7.Nb3 Be6 8.f4 exf4
9.Bxf4 Nc6 10.Qe2 Be7 11.h3 O-O 12.O-O-O Qc7 13.g4 Rfe8 14.g5 Nd7 15.Qg2 Nce5
16.Kb1 Rac8 17.Nd5 Bxd5 18.exd5 Bf8 19.h4 g6 20.h5 Bg7 21.hxg6 hxg6 22.c3 Nb6
23.Qh2 Na4 24.Rc1 Qb6 25.Be2 a5 26.Bxe5 Rxe5 27.Rcf1 Rc7 28.Bd3 Qe3 29.Bxg6 Ree7
30.Nd4 Nxc3+ 31.bxc3 Qxc3 32.Bxf7+ Rxf7 33.Qh7+ Kf8 34.Ne6+ Ke8 35.Qg8+ Bf8
36.Qxf8+  1-0

[Event "GM"]
[Site "Rostock GER"]
[Date "2002.08.28"]
[Round "5"]
[White "Szelag,M"]
[Black "Nemet,I"]
[Result "0-1"]
[WhiteElo "2369"]
[BlackElo "2439"]

1.e4 c5 2.Nf3 d6 3.d4 cxd4 4.Nxd4 Nf6 5.Nc3 a6 6.Be3 e5 7.Nb3 Be6 8.f3 Be7
9.Qd2 O-O 10.O-O-O Qc7 11.g4 Rc8 12.Qf2 Nbd7 13.h4 b5 14.Nd5 Bxd5 15.exd5 a5
16.Bxb5 a4 17.Na1 Qb7 18.Bc6 Rxc6 19.dxc6 Qxc6 20.a3 d5 21.g5 Nh5 22.c3 d4
23.Bxd4 exd4 24.Qxd4 Nc5 25.Rhe1 Bf8 26.Re5 Rb8 27.Rd5 Ne6 28.Qa7 Rb7 29.Qe3 Nhf4
30.Ra5 Rb8 31.Nc2 Bc5 32.Qe5 Qb6 33.Nb4 Ng6 34.Qh2 Be3+ 35.Kb1 Bf4 36.Qc2 Qxa5
37.Nc6 Qb5 38.Nxb8 Bxb8 39.Qe4 Ngf8 40.Rd5 Nc5 41.Qb4 Qf1+ 42.Ka2 Ba7 43.Rd8 Qa6
44.Ra8 Qe6+ 45.c4 Bb6 46.f4 g6 47.Qb5 Kg7 48.h5 gxh5 49.f5 Qxf5 50.Qxb6 Nfe6
51.Qb8 Qxg5 52.Qg8+ Kh6 53.Qxf7 Qf4 54.Qe7 Qxc4+ 55.Kb1 Ne4 56.Ka1 N6c5 57.Qf8+ Kg5
58.Qe7+ Kg4 59.Qg7+ Kh3 60.Rb8 Nb3+ 61.Rxb3+ axb3 62.Qd7+ Kg2  0-1

[Event "GM"]
[Site "Rostock GER"]
[Date "2002.08.29"]
[Round "6"]
[White "Lanka,Z"]
[Black "Nemet,I"]
[Result "0-1"]
[WhiteElo "2504"]
[BlackElo "2439"]

1.e4 c5 2.Nf3 d6 3.d4 cxd4 4.Nxd4 Nf6 5.Nc3 a6 6.Be3 e5 7.Nb3 Be6 8.f3 Be7
9.Qd2 O-O 10.O-O-O Qc7 11.g4 Rc8 12.Qf2 Nbd7 13.Kb1 b5 14.Nd5 Bxd5 15.exd5 Rcb8
16.g5 Nh5 17.Bh3 a5 18.Nd2 Nb6 19.Bg4 Nf4 20.Bxf4 exf4 21.Ne4 Nc4 22.Rd4 a4
23.Qe2 Ne3 24.c3 Bd8 25.Rg1 a3 26.b3 Qe7 27.Bh3 Qe5 28.Nc5 Bb6 29.Re4 Qxc3
30.Nd7 Bd4 31.Rxd4 Qxd4 32.Nxb8 Rxb8 33.Rc1 Qxd5 34.Bd7 g6 35.h4 Qd4 36.h5 gxh5
37.Bc6 Rc8 38.Bxb5 Qa1+  0-1

[Event "GP"]
[Site "Izmir TUR"]
[Date "2002.08.30"]
[Round "3"]
[White "Reyhan,D"]
[Black "Erdogdu,M"]
[Result "1-0"]
[WhiteElo "2082"]
[BlackElo "2321"]

1.e4 c5 2.Nf3 d6 3.d4 cxd4 4.Nxd4 Nf6 5.Nc3 a6 6.Be3 e6 7.f3 b5 8.g4 Bb7
9.Qd2 Nfd7 10.O-O-O Nb6 11.Bg5 Qc8 12.Bd3 N8d7 13.Kb1 b4 14.Nce2 d5 15.exd5 Nxd5
16.Rhe1 Bc5 17.Bf5 exf5 18.Nf4+ Kf8 19.Nxd5 Bxd5 20.Nxf5 Bc6 21.Bh6 f6 22.Bxg7+ Kf7
23.Qh6 Qd8 24.Qh5+ Kg8 25.Re6 Bf8 26.Nh6+ Kxg7 27.Qf7+ Kxh6 28.h4 Rg8 29.g5+ Rxg5
30.hxg5+ Kxg5 31.Qg8+  1-0

[Event "Banc-Post A2"]
[Site "Miercurea Ciuc ROM"]
[Date "2002.09.01"]
[Round "9"]
[White "Illes,S"]
[Black "Stanescu,C"]
[Result "0-1"]
[WhiteElo "2008"]
[BlackElo "2122"]

1.e4 c5 2.Nf3 d6 3.d4 cxd4 4.Nxd4 Nf6 5.Nc3 a6 6.Be3 e5 7.Nb3 Be6 8.f3 Nbd7
9.Qd2 b5 10.O-O-O Nb6 11.Qf2 Nc4 12.Bxc4 bxc4 13.Nc5 Be7 14.g4 Bxg4 15.N5a4 Be6
16.Rhg1 g6 17.Nb6 Rb8 18.Ncd5 Bxd5 19.Nxd5 Nxd5 20.Rxd5 Rb5 21.Qd2 Qc7 22.Bh6 Rxb2
23.Bg7  0-1